| 000 | 00740nam a2200217Ia 4500 | ||
|---|---|---|---|
| 008 | 220705s9999||||xx |||||||||||||| ||und|| | ||
| 020 | _a978-3-319-57734-0 | ||
| 020 | _a978-3-319-57735-7 | ||
| 040 | _cSpringer | ||
| 041 | _aENG | ||
| 100 | _a Alejandra Garrido | ||
| 100 | _a Fabio Kon | ||
| 100 | _a Roberto Di Cosmo | ||
| 100 | _aFederico Balaguer | ||
| 245 | 0 | _aOpen Source Systems: Towards Robust Practices | |
| 260 |
_bSpringer International Publishing _c2017 |
||
| 490 |
_aIFIP Advances in Information and Communication Technology; 496 _x1868-422X |
||
| 650 | _aComputer Science | ||
| 856 |
_fhttps://doi.org/10.1007/978-3-319-57735-7 _uhttps://link.springer.com/openurl?genre=book&isbn=978-3-319-57735-7 |
||
| 942 | _cEBK | ||
| 999 |
_c75910 _d75910 |
||